00460nam a2200169Ia 4500999001700000003000400017005001700021008004100038040000900079082002200088100002100110245004200131260004500173300000900218650001300227942005000240 c28087d28087OSt20210106111911.0190216s9999||||xx |||||||||||||| ||und|| coclc a894.812301bVAL/P aValsala, P96547 0aPangurupushpathinte Then /cP Valsala bPoorna Publications,a Kozhikode:c1996. a159p aKathakal cBK2ddch894.812301iVAL/Pk894.812301mVAL/P